Statistics for Words Made From: Australia

Click here to take the quiz!

General Stats

  • This quiz has been taken 23 times
  • The average score is 16 of 57

Answer Stats

LettersAnswer% Correct
5Trail
95%
4Last
76%
4Rail
76%
4Star
71%
6Trails
71%
5Rails
62%
4Sail
62%
4Tail
62%
5Tails
62%
4List
57%
4Lust
57%
4Rust
57%
4Liar
43%
4Ails
38%
4Arts
38%
4Rats
38%
4Salt
38%
4Slat
38%
4Slit
38%
5Trial
38%
4Lair
33%
4Silt
33%
4Tars
33%
4Aria
29%
5Liars
29%
5Stair
29%
4Stir
29%
6Trials
29%
5Alias
24%
5Arias
24%
6Astral
24%
4Aura
24%
5Lairs
24%
4Suit
24%
4Airs
19%
5Auras
19%
7Austral
19%
4Alas
14%
5Aural
10%
4Ruts
10%
5Astir
5%
5Atlas
5%
5Atria
5%
6Lariat
5%
6Ritual
5%
5Sitar
5%
4Slur
5%
5Tiara
5%
5Altar
0%
6Altars
0%
6Altars
0%
6Atrial
0%
7Rituals
0%
5Talus
0%
6Tarsal
0%
6Tiaras
0%
4Tsar
0%

Score Distribution

Percentile by Number Answered

Percent of People with Each Score

Your Score History

You have not taken this quiz